Theology of humanhood : (Record no. 7287)
[ view plain ]
| 000 -LEADER | |
|---|---|
| fixed length control field | 01578cam a2200349 a 4500 |
| 001 - CONTROL NUMBER | |
| control field | 4783800 |
| 003 - CONTROL NUMBER IDENTIFIER | |
| control field | GBCCL |
| 005 - DATE AND TIME OF LATEST TRANSACTION | |
| control field | 20241126110624.0 |
| 008 - FIXED-LENGTH DATA ELEMENTS--GENERAL INFORMATION | |
| fixed length control field | 861128s1986 ii af b 100 0 eng |
| 010 ## - | |
| -- | 86902852 |
| 020 ## - INTERNATIONAL STANDARD BOOK NUMBER | |
| Terms of availability | Rs25.00 |
| 025 ## - OVERSEAS ACQUISITION NUMBER | |
| Overseas acquisition number | I E 53098 |
| 040 ## - CATALOGING SOURCE | |
| Original cataloging agency | DLC |
| Transcribing agency | DLC |
| Modifying agency | OCoLC |
| -- | DLC |
| 043 ## - | |
| -- | a-ii--- |
| 050 00 - | |
| -- | BT704 |
| -- | .T47 1986 |
| 082 00 - DEWEY DECIMAL CLASSIFICATION NUMBER | |
| Classification number | 261.8358 |
| Edition information | 19 |
| Item number | THE |
| 245 00 - TITLE STATEMENT | |
| Title | Theology of humanhood : |
| Remainder of title | women's perspectives : report of a national consultation / |
| Statement of responsibility, etc. | editor, Aruna Gnanadason. |
| 260 ## - PUBLICATION, DISTRIBUTION, ETC. | |
| Place of publication, distribution, etc. | Delhi : |
| Name of publisher, distributor, etc. | I.S.P.C.K. for All India Council of Christian Women, a sub-unit of the National Council of Churches in India, Nagpur, |
| Date of publication, distribution, etc. | 1986. |
| 300 ## - PHYSICAL DESCRIPTION | |
| Extent | ii, 156 p., [1] leaf of plates : |
| Other physical details | ill. ; |
| Dimensions | 23 cm. |
| 500 ## - GENERAL NOTE | |
| General note | Cover title: Towards a theology of humanhood. |
| 504 ## - BIBLIOGRAPHY, ETC. NOTE | |
| Bibliography, etc. note | Includes bibliographies. |
| 520 ## - SUMMARY, ETC. | |
| Summary, etc. | Contributed papers of a ecumenical group of theologians; consultation organized by the All India Council of Christian Women (sub-unit of the National Council of Churches in India, the Association of Theologically Trained Women and Catholic women. |
| 650 #0 - SUBJECT ADDED ENTRY--TOPICAL TERM | |
| Topical term or geographic name entry element | Women |
| General subdivision | Religious aspects |
| -- | Christianity |
| Form subdivision | Congresses. |
| 9 (RLIN) | 12915 |
| 650 #0 - SUBJECT ADDED ENTRY--TOPICAL TERM | |
| Topical term or geographic name entry element | Women |
| Geographic subdivision | India |
| Form subdivision | Congresses. |
| 9 (RLIN) | 12916 |
| 700 1# - ADDED ENTRY--PERSONAL NAME | |
| Personal name | Gnanadason, Aruna, |
| Dates associated with a name | 1949- |
| 9 (RLIN) | 12917 |
| 710 2# - ADDED ENTRY--CORPORATE NAME | |
| Corporate name or jurisdiction name as entry element | I.S.P.C.K. (Organization) |
| 9 (RLIN) | 393 |
| 710 2# - ADDED ENTRY--CORPORATE NAME | |
| Corporate name or jurisdiction name as entry element | All India Council of Christian Women. |
| 9 (RLIN) | 12918 |
| 710 2# - ADDED ENTRY--CORPORATE NAME | |
| Corporate name or jurisdiction name as entry element | Association of Theologically Trained Women in India. |
| 9 (RLIN) | 12919 |
| 740 0# - | |
| -- | Towards a theology of humanhood. |
| 906 ## - LOCAL DATA ELEMENT F, LDF (RLIN) | |
| a | 7 |
| b | cbc |
| c | orignew |
| d | 3 |
| e | ncip |
| f | 19 |
| g | y-gencatlg |
| 942 ## - ADDED ENTRY ELEMENTS (KOHA) | |
| Source of classification or shelving scheme | Dewey Decimal Classification |
| Koha item type | Books |
| Koha issues (borrowed), all copies | 3 |
| Withdrawn status | Lost status | Source of classification or shelving scheme | Damaged status | Not for loan | Home library | Current Library | Shelving location | Date acquired | Total checkouts | Full call number | Barcode | Date last seen | Date last checked out | Copy number | Price effective from | Koha item type |
|---|---|---|---|---|---|---|---|---|---|---|---|---|---|---|---|---|
| Dewey Decimal Classification | GRACE BIBLE COLLEGE | GRACE BIBLE COLLEGE | Ministry & Mission | 2018-07-24 | 3 | 261.8358 THE | 004011 | 2025-05-01 | 2024-02-27 | c.1 | 2018-07-24 | Books |